000 00630nam a2200205Ii 4500
003 JO-AjNU
008 230605s9999||||xx |||||||||||||| ||und||
040 _aJO-AjNU
_bara
_erda
_cJO-AjNU
041 _aara
050 1 4 _aPJ7814.T71.A15 2005
100 3 _aالأطرش، ليلى,
_eauthor
_949174
245 0 0 _aمرافئ الوهم: رواية
250 _aط1
264 3 1 _aبيروت: دار الآداب للنشر والتوزيع، 2005
300 _a176ص
336 _atext
_btxt
_2rdacontent
337 _aunmediated
_bn
_2rdamedia
338 _avolume
_bnc
_2rdacarrier
650 4 _aروايات عربية
_949175
999 _aA21582
_c25150
_d25150